Mucosal vaccines : innovation for preventing infectious diseases /

Mucosal Vaccines: Innovation for Preventing Infectious Diseases discusses basic knowledge and discovery in the area of mucosal immunology and its related scientific fields. This completely updated, revised and authoritative treatise covers all aspects of mucosal vaccines, including their development...

Full description

Bibliographic Details
Corporate Author: ScienceDirect (Online service)
Other Authors: Hiyono, Hiroshi (Editor), Pascual, David W. (Editor)
Format: eBook
Language:English
Published: London, United Kingdom : Academic Press, an imprint of Elsevier, [2020]
Edition:Second edition.
Subjects:
Online Access:Connect to the full text of this electronic book

MARC

Tag First Indicator Second Indicator Subfields
LEADER 00000cam a2200000 i 4500
001 in00005765621
005 20260327163629.8
006 m o d
007 cr cnu---unuuu
008 191030s2020 enka ob 001 0 eng d
040 |a OPELS  |b eng  |e rda  |e pn  |c OPELS  |d N$T  |d OCLCF  |d DKU  |d OCLCO  |d OCLCA  |d SFB  |d OCLCA  |d OCLCQ  |d OCLCO  |d K6U  |d OCLCQ  |d OCLCO  |d OCLCL  |d OCLCQ  |d SXB  |d OCLCQ  |d OCLCL 
020 |a 9780128119259  |q (electronic bk.) 
020 |a 012811925X  |q (electronic bk.) 
020 |z 9780128119242 
035 |a (OCoLC)1125325824 
050 4 |a QR185.9.M83 
082 0 4 |a 616.079  |2 23 
049 |a TXAM 
245 0 0 |a Mucosal vaccines :  |b innovation for preventing infectious diseases /  |c edited by Hiroshi Kiyono, David W. Pascual. 
250 |a Second edition. 
264 1 |a London, United Kingdom :  |b Academic Press, an imprint of Elsevier,  |c [2020] 
264 4 |c ©2020 
300 |a 1 online resource :  |b illustrations 
336 |a text  |b txt  |2 rdacontent 
337 |a computer  |b c  |2 rdamedia 
338 |a online resource  |b cr  |2 rdacarrier 
520 |a Mucosal Vaccines: Innovation for Preventing Infectious Diseases discusses basic knowledge and discovery in the area of mucosal immunology and its related scientific fields. This completely updated, revised and authoritative treatise covers all aspects of mucosal vaccines, including their development, mechanisms of action, molecular/cellular aspects and practical applications. The book is organized in a unique format with basic, clinical and practical aspects described and discussed. The accumulated knowledge and new discoveries on the development of mucosal vaccines are logically introduced and discussed in an easy-to-understand format. 
588 0 |a Print version record. 
650 0 |a Mucous membrane  |x Immunology. 
650 0 |a Vaccines. 
650 2 |a Vaccines  |x immunology 
650 2 |a Vaccines  |x administration & dosage 
650 2 |a Mucous Membrane  |x immunology 
650 2 |a Adjuvants, Immunologic  |x physiology 
650 2 |a Immunity, Mucosal 
650 2 |a Vaccines 
650 6 |a Muqueuses  |x Immunologie. 
650 6 |a Vaccins. 
650 7 |a Mucous membrane  |x Immunology  |2 fast 
650 7 |a Vaccines  |2 fast 
655 7 |a Electronic books.  |2 local 
700 1 |a Hiyono, Hiroshi,  |e editor. 
700 1 |a Pascual, David W.,  |e editor. 
710 2 |a ScienceDirect (Online service) 
776 0 8 |i Print version:  |t MUCOSAL VACCINES.  |d [Place of publication not identified], ELSEVIER ACADEMIC Press, 2019  |z 0128119241  |w (OCoLC)1057650849 
856 4 0 |u http://proxy.library.tamu.edu/login?url=https://www.sciencedirect.com/science/book/9780128119242  |z Connect to the full text of this electronic book  |t 0 
955 |a Elsevier ScienceDirect 2026-2027 
994 |a 92  |b TXA 
999 f f |i eec72aba-bf07-4399-9829-89b72da42c64  |s 3973adb8-a182-4e4a-9088-98ee72e53838  |t 0 
952 f f |a Texas A&M University  |b College Station  |c Electronic Resources  |s www_evans  |d Available Online  |t 0  |e QR185.9.M83   |h Library of Congress classification 
998 f f |a QR185.9.M83   |t 0  |l Available Online